Soyabean in Asia / (Record no. 6076)

MARC details
000 -LEADER
fixed length control field 00661nam a22002297a 4500
001 - CONTROL NUMBER
control field BD-DhSAU 6076
003 - CONTROL NUMBER IDENTIFIER
control field BD-DhSAU
005 - DATE AND TIME OF LATEST TRANSACTION
control field 20150502104059.0
008 - FIXED-LENGTH DATA ELEMENTS--GENERAL INFORMATION
fixed length control field 150502b1993 ii a||||r|||| 000 0 eng d
020 ## - INTERNATIONAL STANDARD BOOK NUMBER
International Standard Book Number 8120410033
040 ## - CATALOGING SOURCE
Original cataloging agency BD-DhSAU
082 ## - DEWEY DECIMAL CLASSIFICATION NUMBER
Edition number 22
Classification number 633.34095
Item number SOY
245 ## - TITLE STATEMENT
Title Soyabean in Asia /
Statement of responsibility, etc. edited by Narong Chomchalow and Paisan Laosuwan.
260 ## - PUBLICATION, DISTRIBUTION, ETC. (IMPRINT)
Place of publication, distribution, etc. New Delhi :
Name of publisher, distributor, etc. Oxford & IBH Publishing Co.,
Date of publication, distribution, etc. c1993.
300 ## - PHYSICAL DESCRIPTION
Extent 218 p. :
Other physical details ill. ;
Dimensions 24 cm.
590 ## - Name of Cataloguer
Name of Cataloger joy
650 ## - SUBJECT ADDED ENTRY--TOPICAL TERM
Topical term or geographic name as entry element Soyabean.
Geographic subdivision Asia.
650 ## - SUBJECT ADDED ENTRY--TOPICAL TERM
Topical term or geographic name as entry element Statistics.
700 ## - ADDED ENTRY--PERSONAL NAME
Personal name Chomchalow, Narong
700 ## - ADDED ENTRY--PERSONAL NAME
Personal name Laosuwan, Paisan
710 ## - ADDED ENTRY--CORPORATE NAME
Corporate name or jurisdiction name as entry element Food and Agriculture Organization.
942 ## - ADDED ENTRY ELEMENTS (KOHA)
Source of classification or shelving scheme Dewey Decimal Classification
Koha item type Book
Holdings
Withdrawn status Lost status Source of classification or shelving scheme Damaged status Not for loan Collection code Home library Branch Name Shelving location Date acquired Total Checkouts Full call number Barcode Date last seen Price effective from Koha item type
    Dewey Decimal Classification   Not For Loan Reference SAU Library SAU Library Reference 24/05/1998   633.34095 SOY 27096 02/05/2015 02/05/2015 Book
    Dewey Decimal Classification   Not For Loan Reference SAU Library SAU Library Reference 24/05/1998   633.34095 SOY 27095 10/05/2015 10/05/2015 Book
    Dewey Decimal Classification   Not For Loan Reference SAU Library SAU Library Reference 13/05/2015   633.34095 SOY 27099 13/05/2015 13/05/2015 Book